Estadísticas para Las 100 ciudades más grandes de Italia

Haz click aquí para intentar la prueba.

Estadísticas generales

  • Esta prueba ha sido intentada 1.278 veces
  • La puntuación promedio es 34 de 100

Estadísticas de respuestas

NúmeroCiudadesPoblación% Correcto
1Roma2.778.662
99%
2Milán1.396.522
98%
3Nápoles938.507
96%
4Turín844.444
93%
8Florencia359.527
92%
12Venecia254.619
92%
5Palermo638.814
87%
6Génova554.849
82%
7Bolonia394.369
75%
9Bari312.178
74%
56Pisa89.144
72%
11Verona257.533
70%
26Cagliari149.011
65%
10Catania293.764
63%
15Parma200.209
61%
16Trieste199.991
58%
35Bérgamo119.826
56%
14Padua207.518
56%
20Módena187.595
53%
30Salerno129.679
51%
51Lecce93.799
50%
60Como85.148
48%
17Brescia194.671
46%
34Trento120.336
46%
45Údine99.402
45%
25Livorno155.399
42%
13Mesina224.543
42%
38Siracusa117.754
42%
27Rímini148.268
40%
33Monza123.409
38%
36Pescara119.549
38%
46Ancona98.947
36%
23Perugia163.342
36%
42Bolzano108.010
35%
59Catanzaro86.606
35%
54La Spezia91.690
35%
24Rávena157.017
34%
29Ferrara131.834
33%
62Bríndisi84.070
32%
57Lucca88.776
31%
19Tarento188.603
31%
40Vicenza109.252
31%
79Cremona71.428
29%
91Cosenza65.303
28%
31Latina126.489
28%
22Reggio Emilia169.010
28%
83L'Aquila69.966
27%
18Prato193.641
27%
32Sassari123.755
27%
28Foggia147.880
26%
80Pavia71.171
26%
43Piacenza103.306
26%
88Potenza66.134
26%
98Matera60.471
25%
53Alessandria91.932
24%
48Arezzo97.397
24%
61Treviso84.810
24%
44Novara101.792
23%
89Trapani65.483
23%
68Varese80.209
22%
74Caserta73.770
21%
99Crotone60.443
21%
65Grosseto81.641
21%
82Imola70.499
21%
87Massa67.105
21%
41Terni109.021
21%
81Ragusa71.129
20%
73Asti74.686
19%
70Fuimicino76.167
19%
67Marsala80.475
19%
100Olbia60.413
19%
50Pésaro96.052
19%
21Regio de Calabria173.084
19%
97Carrara60.909
18%
39Forlì117.102
18%
90Viterbo65.350
18%
52Barletta92.659
17%
55Pistoia90.315
17%
49Cesena97.031
16%
77Carpi72.510
15%
63Busto Arsizio83.305
14%
64Torre del Greco82.570
13%
84Altamura69.936
12%
47Andria97.723
12%
86Lamezia Terme67.754
12%
85Quartu Sant'Elena67.859
12%
94Vittoria62.486
12%
92Castellammare di Stabia64.124
11%
69Pozzuoli79.165
11%
66Sesto San Giovanni80.968
11%
95Vigevano62.433
11%
93Afragola62.570
10%
76Aprilia73.474
10%
75Cinisello Balsamo73.745
10%
78Gela71.812
10%
58Guidonia Montecelio86.828
10%
96Pomezia61.276
10%
72Casoria74.752
9%
71Corigliano-Rossano74.941
9%
37Giugliano de Campania119.523
9%

Distribución de puntuación

Porcentaje por número respondido

Porcentaje de gente con cada puntuación

Historial de tus puntuaciones

No has intentado esta prueba.